00455nam a22001457a 450000500170000000800410001702000150005804100130007308200130008610000130009924500810011226000570019330000330025065000260028320240123064845.0240123b |||||||| |||| 00| 0 eng d a0409004065 aEnglish  a349 JOU  lEnglish  aThe Law of South Africa : Cumulative Supplement 1983 / cedited by JA Faris  aDurban : bButterworth Publishers (Pty) Ltd, c1983  bxvii, 408 pages ;c 26,3 cm. aLegal practice bLaw